Test de mémoire visuelle - Départements sur une carte de France - Statistiques

Statistiques générales
  • Ce quiz a été pris 328 fois
  • Le résultat moyen est 9 sur 15
Réponses sur la Carte
Les réponses sont colorées sur une échelle allant du rouge au vert en fonction du pourcentage des utilisateurs qui les ont devinées à leur premier essai. Vous pouvez retrouver ces pourcentages ci-dessous.
 
Statistiques - réponses
Départements % Correct
Pas-de-Calais
100%
Nord
92%
Landes
88%
Finistère
82%
Corse-du-Sud
77%
Haut-Rhin
77%
Somme
77%
Charente-Maritime
76%
Meurthe-et-Moselle
76%
Oise
76%
Paris
76%
Loire-Atlantique
75%
Gironde
74%
Loiret
74%
Ardennes
73%
Manche
72%
Bas-Rhin
71%
Deux-Sèvres
71%
Morbihan
70%
Aveyron
68%
Côtes-d'Armor
68%
La Réunion
67%
Meuse
66%
Guyane
65%
Val-d'Oise
65%
Eure
64%
Pyrénées-Atlantiques
64%
Savoie
64%
Eure-et-Loir
63%
Hautes-Pyrénées
63%
Vendée
62%
Territoire de Belfort
61%
Dordogne
60%
Haute-Garonne
60%
Hauts-de-Seine
60%
Indre
60%
Haute-Savoie
59%
Nièvre
59%
Seine-Saint-Denis
59%
Var
59%
Vosges
59%
Alpes-de-Haute-Provence
58%
Côte-d'Or
58%
Aisne
57%
Martinique
57%
Aude
56%
Essonne
56%
Haute-Vienne
56%
Loire
55%
Pyrénées-Orientales
55%
Seine-Maritime
55%
Tarn
55%
Rhône (et métropole de Lyon)
54%
Vaucluse
54%
Yvelines
54%
Cantal
53%
Cher
53%
Jura
53%
Orne
53%
Alpes-Maritimes
52%
Haute-Corse
52%
Moselle
52%
Seine-et-Marne
52%
Gard
51%
Ain
50%
Ariège
50%
Calvados
50%
Guadeloupe
50%
Haute-Marne
50%
Hérault
50%
Lot
50%
Mayenne
50%
Puy-de-Dôme
50%
Ardèche
48%
Ille-et-Vilaine
48%
Saône-et-Loire
48%
Sarthe
48%
Val-de-Marne
48%
Vienne
48%
Drôme
47%
Tarn-et-Garonne
47%
Loir-et-Cher
46%
Creuse
45%
Haute-Saône
45%
Indre-et-Loire
45%
Mayotte
45%
Yonne
45%
Maine-et-Loire
43%
Bouches-du-Rhône
42%
Lot-et-Garonne
42%
Gers
41%
Haute-Loire
41%
Isère
41%
Corrèze
40%
Doubs
39%
Charente
38%
Hautes-Alpes
38%
Lozère
37%
Marne
36%
Aube
34%
Allier
31%
Aucun quiz correspondant
Distribution des résultats
% des personnes avec chaque résultat
Percentile par nombre de réponses
Votre historique - résultats
Vous n’avez pas pris ce quiz